Púrva, madhyapūrva aura paścima meṃ pratīkavāda. (Record no. 70811)

MARC details
000 -LEADER
fixed length control field 00632cam a22002291 4500
001 - CONTROL NUMBER
control field sa 66006934
003 - CONTROL NUMBER IDENTIFIER
control field DLC
005 - DATE AND TIME OF LATEST TRANSACTION
control field 20260227112300.0
008 - FIXED-LENGTH DATA ELEMENTS--GENERAL INFORMATION
fixed length control field 890706s1965 ii b 000 0 hino
010 ## - LIBRARY OF CONGRESS CONTROL NUMBER
LC control number sa 66006934
035 ## - SYSTEM CONTROL NUMBER
System control number (OCoLC)19968707
040 ## - CATALOGING SOURCE
Original cataloging agency DLC
Transcribing agency WaU
Modifying agency WU
-- DLC
042 ## - AUTHENTICATION CODE
Authentication code premarc
050 00 - LIBRARY OF CONGRESS CALL NUMBER
Classification number BL625
Item number .C3
100 0# - MAIN ENTRY--PERSONAL NAME
Personal name Candrakalā.
245 10 - TITLE STATEMENT
Title Púrva, madhyapūrva aura paścima meṃ pratīkavāda.
260 ## - PUBLICATION, DISTRIBUTION, ETC.
Place of publication, distribution, etc. Jayapura :
Name of publisher, distributor, etc. Mangala prakaśana,
Date of publication, distribution, etc. 1965.
300 ## - PHYSICAL DESCRIPTION
Extent 2, 80 p. ;
Dimensions 23 cm.
500 ## - GENERAL NOTE
General note In Hindi.
504 ## - BIBLIOGRAPHY, ETC. NOTE
Bibliography, etc. note Bibliographical footnotes.
650 #0 - SUBJECT ADDED ENTRY--TOPICAL TERM
Topical term or geographic name entry element Mysticism
General subdivision Comparative studies.

No items available.

Powered by Koha